The economic and financial implications of supplying a bioenergy conversion facility with cellulosic biomass feedstocks /

Bibliographic Details
Main Author: McLaughlin, Will Allen
Other Authors: Rister, M. Edward (Thesis advisor), Lacewell, Ronald D. (Thesis advisor)
Format: Thesis eBook
Language:English
Published: [College Station, Tex.] : [Texas A&M University], [2012]
Subjects:
Online Access:Link to OAK Trust copy

MARC

Tag First Indicator Second Indicator Subfields
LEADER 00000cam a2200000Ka 4500
001 in00002781714
005 20150922123919.0
006 m f d
007 cr unu||||||||
008 121012s2012 txu obm 000 0 eng d
035 |a (OCoLC)ocn812652119 
035 |a (OCoLC)812652119 
035 |a (TxCM)http://hdl.handle.net/1969.1/ETD-TAMU-2011-12-10618 
040 |a TXA  |c TXA  |d UtOrBLW 
049 |a TXAM 
099 |a 2011  |a Thesis  |a 1969.1/ETD-TAMU-2011-12-10618 
100 1 |a McLaughlin, Will Allen. 
245 1 4 |a The economic and financial implications of supplying a bioenergy conversion facility with cellulosic biomass feedstocks /  |c by Will Allen McLaughlin. 
264 1 |a [College Station, Tex.] :  |b [Texas A&M University],  |c [2012] 
300 |a 1 online resource. 
336 |a text  |b txt  |2 rdacontent 
337 |a computer  |b c  |2 rdamedia 
338 |a online resource  |b cr  |2 rdacarrier 
500 |a "Major Subject: Agricultural Economics" 
588 |a Description from author supplied metadata (automated record created 2012-07-26 09:07:26). 
502 |b Master of Science  |c Texas A&M University  |d 2011  |o http://hdl.handle.net/1969.1/ETD-TAMU-2011-12-10618 
504 |a Includes bibliographical references. 
516 |a Text (Thesis) 
520 3 |a Comprehensive analyses are conducted of the holistic farm production-harvesting-transporting-pre-refinery storage supply chain paradigm which represents the totality of important issues affecting the conversion facility front-gate costs of delivered biomass feedstocks. Targeting the Middle Gulf Coast, Edna-Ganado, Texas area, mathematical programming in the form of a cost-minimization linear programming model(Sorghasaurus) is used to assess the financial and economic logistics costs for supplying a hypothetical 30-million gallon conversion facility with high-energy sorghum (HES) and switchgrass (SG) cellulosic biomass feedstock for a 12-month period on a sustainable basis. A corporate biomass feedstock farming entity business organization structure is assumed. Because SG acreage was constrained in the analysis, both HES and SG are in the optimal baseline solution, with the logistics supply chain costs (to the front gate of the conversion facility) totaling $53.60 million on 36,845 acres of HES and 37,225 acres of SG (total farm acreage is 187,760 acres, including HES rotation acres), i.e., $723.67 per harvested acre, $1.7867 per gallon of biofuel produced not including any conversion costs, and $134.01 per dry ton of the requisite 400,000 tons of biomass feedstock. Several sensitivity scenario analyses were conducted, revealing a potential range in these estimates of $84.75-$261.52 per dry ton of biomass feedstock and $1.1300-$3.4870 per gallon of biofuel. These results are predicated on simultaneous consideration of capital and operating costs, trafficable days, timing of operations, machinery and labor constraints, and seasonal harvested biomass feedstock yield relationships. The enhanced accuracy of a comprehensive, detailed analysis as opposed to simplistic approach of extrapolating from crop enterprise budgets are demonstrated. It appears, with the current state of technology, it is uneconomical to produce cellulosic biomass feedstocks in the Middle Gulf Coast, Edna-Ganado, Texas area. That is, the costs estimated in this research for delivering biomass feedstocks to the frontgate of a cellulosic facility are much higher than the $35 per ton the Department of Energy suggests is needed. The several sensitivity scenarios evaluated in this thesis research provides insights in regards to needed degrees of advancements required to enhance the potential economic competitiveness of biomass feedstock logistics in this area. 
500 |a Electronic resource. 
650 4 |a Major Agricultural Economics. 
653 |a Biomass 
653 |a economics 
653 |a cellulostic 
653 |a bioenergy 
653 |a feedstocks 
700 1 |a Rister, M. Edward,  |e thesis advisor. 
700 1 |a Lacewell, Ronald D.,  |e thesis advisor. 
856 4 0 |u http://hdl.handle.net/1969.1/ETD-TAMU-2011-12-10618  |z Link to OAK Trust copy  |t 0 
994 |a C0  |b TXA 
948 |a cataloged  |b h  |c 2012/10/12  |d o  |e jho  |f 4:27:23 pm 
999 |a MARS 
999 f f |s 9a48928c-7ede-34c2-8fa6-d55615605611  |i cb7eb26b-7ef6-31e6-9271-e7d34794b169  |t 0 
952 f f |a Texas A&M University  |b College Station  |c Electronic Resources  |d Available Online  |t 0  |e 2011 Thesis 1969.1/ETD-TAMU-2011-12-10618  |h Other scheme 
998 f f |a 2011 Thesis 1969.1/ETD-TAMU-2011-12-10618  |t 0  |l Available Online